| 000 | 00000nam##2200000za#4500 |
| 001 | 9.687108 |
| 003 | CaOODSP |
| 005 | 20210624230829 |
| 007 | cr ||||||||||| |
| 008 | 150407|2004||||xxc|||||o f|0| 0 eng|d |
| 040 | |aCaOODSP|beng |
| 043 | |an-cn--- |
| 086 | 1 |aPS99-1/2004E-PDF |
| 110 | 1 |aCanada.|bPublic Safety and Emergency Preparedness Canada. |bCanada Firearms Centre. |
| 245 | 10|aStoring, transporting and displaying restricted and prohibited firearms |h[electronic resource] |
| 260 | |aOttawa - Ontario : |bPublic Safety and Emergency Preparedness Canada. |c[2004]. |
| 300 | |a2p.|bcoloured illus. |
| 590 | |a04-34|b2004-08-20 |
| 690 | 07|aFirearms|2gcpds |
| 690 | 07|aStorage|2gcpds |
| 690 | 07|aSafety measures|2gcpds |
| 775 | 08|tL'entreposage, le transport et l'exposition sécuritaires de vos armes à feu à utilisation restreinte et prohibées |w(CaOODSP)9.631569 |
| 856 | 40|ahttp://publications.gc.ca|qPDF|s163 KB|uhttps://publications.gc.ca/collections/Collection/PS99-1-2004E.pdf |